[Event "Politiken Cup 2008"]
[Site "Helsingør DEN"]
[Date "2008.07.22"]
[Round "6.120"]
[White "Kopansky, Lorentz"]
[Black "Jacobsen, Mads-Holger"]
[Result "0-1"]
[WhiteElo "1463"]
[BlackElo "1831"]
[PlyCount "76"]
[EventDate "2008.07.20"]
[EventType "swiss"]
[EventRounds "9"]
[EventCountry "DEN"]
[Source "lmi"]
[SourceDate "2008.07.20"]
[WhiteTeam "HSK Post Hanover"]
[BlackTeam "K41"]

1. e4 c5 2. Nf3 e6 3. d4 cxd4 4. Nxd4 Nc6 5. Nc3 a6 6. Be3 Qc7 7. Qd2 Nf6 8. f3
Bb4 9. g4 d6 10. O-O-O Ne5 11. Be2 Nc4 12. Bxc4 Qxc4 13. Qd3 Qxd3 14. Rxd3 Bd7
15. a3 Ba5 16. Nb3 Bc7 17. h4 h6 18. Rhd1 O-O-O 19. Ne2 Bb5 20. R3d2 Bxe2 21.
Rxe2 Nd7 22. Bf4 Nb6 23. Bg3 d5 24. Bxc7 Kxc7 25. exd5 Nxd5 26. Nc5 Nf4 27. Re4
Rxd1+ 28. Kxd1 Rd8+ 29. Kc1 Rd4 30. c3 Rxe4 31. fxe4 Ng6 32. h5 Ne5 33. Kd2
Nxg4 34. Nd3 Nf6 35. Nf4 Nxe4+ 36. Ke3 Nf6 37. Kd4 Kd6 38. c4 e5+ 0-1

[Event "Politiken Cup 2008"]
[Site "Helsingør DEN"]
[Date "2008.07.22"]
[Round "6.121"]
[White "Andersen, Guttorm"]
[Black "Harders, Poul Erik"]
[Result "1-0"]
[WhiteElo "1830"]
[BlackElo "1612"]
[PlyCount "103"]
[EventDate "2008.07.20"]
[EventType "swiss"]
[EventRounds "9"]
[EventCountry "DEN"]
[Source "lmi"]
[SourceDate "2008.07.20"]
[WhiteTeam "SK Stjernen"]
[BlackTeam "Gladsaxe"]

1. d4 Nf6 2. c4 g6 3. Nc3 Bg7 4. e4 d6 5. f4 c5 6. dxc5 dxc5 7. Qxd8+ Kxd8 8.
Be3 Nbd7 9. Rd1 b6 10. Be2 Bb7 11. Bf3 Kc7 12. Nb5+ Kc8 13. e5 Bxf3 14. Nxf3
Ng4 15. Bc1 a6 16. Nc3 h5 17. h3 Nh6 18. Be3 Nf5 19. Bf2 Ra7 20. O-O Rb7 21.
Ng5 Rf8 22. Rfe1 e6 23. Nge4 Rd8 24. g4 hxg4 25. hxg4 Ne7 26. Bh4 Bf8 27. Nd6+
Kc7 28. Nxf7 Rdb8 29. Ng5 Nc6 30. Nxe6+ Kc8 31. Ne4 Ra7 32. Nxf8 Nxf8 33. Nd6+
Kc7 34. e6 Nxe6 35. Rxe6 Nd4 36. Re7+ Kxd6 37. Rxa7 Rh8 38. Bf6 Rh3 39. Be5+
Ke6 40. Bxd4 cxd4 41. Rxd4 Rf3 42. Rxa6 g5 43. Rxb6+ Ke7 44. f5 Rh3 45. Re6+
Kf7 46. Rd7+ Kf8 47. Kg2 Rh4 48. Kf3 Rh2 49. Rb6 Ke8 50. Rg7 Kf8 51. Ra7 Rh3+
52. Ke4 1-0

[Event "Politiken Cup 2008"]
[Site "Helsingør DEN"]
[Date "2008.07.22"]
[Round "6.122"]
[White "Zmylon, Frederik Nielsen"]
[Black "Nielsen, Kai Gylling"]
[Result "1/2-1/2"]
[WhiteElo "1252"]
[BlackElo "1829"]
[PlyCount "100"]
[EventDate "2008.07.20"]
[EventType "swiss"]
[EventRounds "9"]
[EventCountry "DEN"]
[Source "lmi"]
[SourceDate "2008.07.20"]
[WhiteTeam "Taastrup"]
[BlackTeam "Roskilde"]

1. e4 c5 2. Nf3 d6 3. d4 cxd4 4. Nxd4 Nc6 5. Nc3 g6 6. Be3 Bg7 7. f3 a6 8. Bc4
Nf6 9. Qd2 Nxd4 10. Bxd4 O-O 11. O-O Qc7 12. Bb3 Be6 13. Rac1 Rac8 14. Nd5 Bxd5
15. Bxd5 Nxd5 16. Bxg7 Kxg7 17. Qxd5 Qb6+ 18. Kh1 Rc5 19. Qb3 Qc6 20. h3 Rc8
21. c3 d5 22. exd5 Rxd5 23. Rfe1 e6 24. a3 Rb5 25. Qc2 Qb6 26. Rb1 a5 27. Re2
Rcc5 28. Rd1 Rf5 29. Rd3 Qc7 30. c4 Rbc5 31. Rc3 b5 32. b4 axb4 33. axb4 Rxc4
34. Rxc4 bxc4 35. Re4 c3 36. Re3 Rb5 37. Rxc3 Qb6 38. Qb2 f6 39. Rb3 Rd5 40.
Qe2 Qd6 41. Rb1 Rd2 42. Qe3 Rd3 43. Qc5 Qxc5 44. bxc5 Rc3 45. Rb6 e5 46. c6 Kh6
47. c7 f5 48. Re6 Rxc7 49. Rxe5 Kg5 50. Kh2 h5 1/2-1/2

[Event "Politiken Cup 2008"]
[Site "Helsingør DEN"]
[Date "2008.07.22"]
[Round "6.123"]
[White "Hagen, Thorolf"]
[Black "Krueger, Bernhard"]
[Result "0-1"]
[WhiteElo "1130"]
[BlackElo "1761"]
[PlyCount "24"]
[EventDate "2008.07.20"]
[EventType "swiss"]
[EventRounds "9"]
[EventCountry "DEN"]
[Source "lmi"]
[SourceDate "2008.07.20"]
[WhiteTeam "Kristiansand"]
[BlackTeam "SC Grunbach"]

1. e4 c5 2. Nf3 Nc6 3. d4 cxd4 4. Nxd4 a6 5. Nc3 e6 6. Bc4 Qc7 7. Bb3 Nf6 8.
O-O Bb4 9. f3 Nxd4 10. Na4 Nxb3 11. axb3 b5 12. c3 Be7 0-1

[Event "Politiken Cup 2008"]
[Site "Helsingør DEN"]
[Date "2008.07.22"]
[Round "6.124"]
[White "Bendixen, Daniel"]
[Black "Hildenstein, Bernd"]
[Result "1-0"]
[WhiteElo "1523"]
[BlackElo "1856"]
[PlyCount "87"]
[EventDate "2008.07.20"]
[EventType "swiss"]
[EventRounds "9"]
[EventCountry "DEN"]
[Source "lmi"]
[SourceDate "2008.07.20"]
[WhiteTeam "Holbæk"]
[BlackTeam "SC Grunbach"]

1. e4 c5 2. c3 e6 3. d4 d5 4. exd5 exd5 5. Nf3 Nf6 6. Bg5 cxd4 7. Nxd4 Be7 8.
Bb5+ Bd7 9. Bxd7+ Nbxd7 10. O-O O-O 11. Nd2 Re8 12. Kh1 h6 13. Bh4 Qb6 14. Qb3
Qxb3 15. N2xb3 g5 16. Bg3 Ne4 17. f3 Nxg3+ 18. hxg3 Bf6 19. g4 Nb6 20. Nf5 Kh7
21. Rfe1 Rxe1+ 22. Rxe1 Nc4 23. Re2 Kg6 24. Nbd4 Rd8 25. Kg1 Bxd4+ 26. cxd4 Rd7
27. Re8 f6 28. Rh8 Rh7 29. Rg8+ Kf7 30. Rd8 Ke6 31. b3 Nb6 32. Rd6+ Kf7 33. a4
Kg6 34. a5 Nc8 35. Rxd5 Rc7 36. Rd8 Ne7 37. Nxe7+ Rxe7 38. Kf2 f5 39. Rd6+ Kg7
40. gxf5 Rc7 41. g4 Rc2+ 42. Kg3 Rc7 43. d5 Rf7 44. f4 1-0

[Event "Politiken Cup 2008"]
[Site "Helsingør DEN"]
[Date "2008.07.22"]
[Round "6.125"]
[White "Hansen, Anders"]
[Black "Olsen, Kirkegaard"]
[Result "1-0"]
[WhiteElo "1682"]
[BlackElo "1579"]
[PlyCount "63"]
[EventDate "2008.07.20"]
[EventType "swiss"]
[EventRounds "9"]
[EventCountry "DEN"]
[Source "lmi"]
[SourceDate "2008.07.20"]
[WhiteTeam "Harplinge"]
[BlackTeam "Evans"]

1. d4 e6 2. c4 d5 3. Nc3 Bb4 4. Qc2 c5 5. a3 cxd4 6. axb4 dxc3 7. Qxc3 Nf6 8.
Nf3 O-O 9. Bg5 Ne4 10. Bxd8 Nxc3 11. Bc7 Ne4 12. Bxb8 Rxb8 13. cxd5 a6 14. dxe6
Bxe6 15. e3 Rbc8 16. Bd3 Nf6 17. O-O Bc4 18. Ne5 Bb3 19. Ra3 Bc2 20. Rc3 Bxd3
21. Nxd3 Ne4 22. Rxc8 Rxc8 23. Rc1 Rxc1+ 24. Nxc1 Kf8 25. Kf1 Ke7 26. Ke2 Ke6
27. f3 Nd6 28. Kd3 f5 29. Nb3 Kd5 30. Nc5 a5 31. e4+ fxe4+ 32. Nxe4 1-0

[Event "Politiken Cup 2008"]
[Site "Helsingør DEN"]
[Date "2008.07.22"]
[Round "6.126"]
[White "Madsen, Dennis"]
[Black "Stockhaug, Jon Arne"]
[Result "1-0"]
[WhiteElo "1518"]
[BlackElo "1682"]
[PlyCount "69"]
[EventDate "2008.07.20"]
[EventType "swiss"]
[EventRounds "9"]
[EventCountry "DEN"]
[Source "lmi"]
[SourceDate "2008.07.20"]
[WhiteTeam "Helsingør"]
[BlackTeam "Stjordal"]

1. d4 Nf6 2. Nc3 d5 3. e4 dxe4 4. f3 e3 5. Bxe3 e6 6. Bc4 c6 7. Nge2 Bd6 8. Qd2
Nbd7 9. Bg5 Qa5 10. O-O Qc7 11. g3 O-O 12. Rae1 b5 13. Bb3 Bb7 14. Nf4 Rfe8 15.
Ne4 Be7 16. Bxf6 Nxf6 17. Ng5 Nd5 18. Nxd5 cxd5 19. c3 g6 20. Bc2 Bf6 21. f4
Rac8 22. Nf3 b4 23. Re3 bxc3 24. bxc3 Qa5 25. Bb3 Rc7 26. Ne5 Rec8 27. Rff3 Kg7
28. g4 Bxe5 29. fxe5 Rf8 30. Rf6 Rfc8 31. Ref3 Rxc3 32. Rxf7+ Kg8 33. Qh6 Rc1+
34. Kg2 Rg1+ 35. Kh3 1-0

[Event "Politiken Cup 2008"]
[Site "Helsingør DEN"]
[Date "2008.07.22"]
[Round "6.127"]
[White "Jorgensen, Orla Eilegaard"]
[Black "Gade, Jens"]
[Result "1-0"]
[WhiteElo "1678"]
[BlackElo "1514"]
[PlyCount "94"]
[EventDate "2008.07.20"]
[EventType "swiss"]
[EventRounds "9"]
[EventCountry "DEN"]
[Source "lmi"]
[SourceDate "2008.07.20"]
[WhiteTeam "Odysseus"]
[BlackTeam "Amager"]

1. f4 d5 2. Nf3 c5 3. e3 g6 4. Bb5+ Bd7 5. Bxd7+ Nxd7 6. Nc3 Ngf6 7. b3 Bg7 8.
Bb2 O-O 9. h4 e6 10. Qe2 Nh5 11. Rh3 d4 12. g4 dxc3 13. Bxc3 Bxc3 14. dxc3 Ng7
15. h5 Qf6 16. O-O-O Nb6 17. hxg6 fxg6 18. Rdh1 Nd5 19. Rxh7 Nxc3 20. Rh8+ Kf7
21. Rxf8+ Rxf8 22. Qc4 Nd5 23. Ne5+ Kg8 24. Qxc5 Rd8 25. Rh6 Nxf4 26. Rh1 Nd5
27. Qd4 Nb4 28. Qe4 Nxa2+ 29. Kb2 Nb4 30. g5 Qf5 31. Qxb4 Qxe5+ 32. Kb1 b6 33.
Rf1 Qc5 34. Qe4 Qxg5 35. Qb7 Rf8 36. Re1 Qb5 37. Rg1 a6 38. Qg2 Qf5 39. Qc6 Qf2
40. Rxg6 Qxe3 41. Qg2 Qe5 42. Qh1 Qf5 43. Rg1 Rc8 44. Rxg7+ Kxg7 45. Qb7+ Kf6
46. Qxc8 Qf1+ 47. Kb2 a5 1-0

[Event "Politiken Cup 2008"]
[Site "Helsingør DEN"]
[Date "2008.07.22"]
[Round "6.128"]
[White "Johansen, Bjørn Berg"]
[Black "Eiholt, Bjarne"]
[Result "0-1"]
[WhiteElo "1290"]
[BlackElo "1669"]
[PlyCount "82"]
[EventDate "2008.07.20"]
[EventType "swiss"]
[EventRounds "9"]
[EventCountry "DEN"]
[Source "lmi"]
[SourceDate "2008.07.20"]
[WhiteTeam "Fredriksstad"]
[BlackTeam "K41"]

1. e4 c6 2. d4 d5 3. Nc3 dxe4 4. Nxe4 Bf5 5. Ng3 Bg6 6. Nf3 Nd7 7. Bc4 Ngf6 8.
O-O e6 9. a3 Be7 10. c3 O-O 11. Re1 Qc7 12. Ne5 Nxe5 13. dxe5 Rad8 14. Qe2 Nd5
15. Bd2 Rd7 16. Rad1 Qb6 17. b4 Rfd8 18. Kh1 Qc7 19. Bb3 h6 20. Rf1 Bh4 21. a4
b6 22. Qg4 Bxg3 23. Qxg3 Nxb4 24. cxb4 Rxd2 25. Rxd2 Rxd2 26. Bxe6 Bd3 27. Qe3
Bxf1 28. Bxf7+ Qxf7 29. Qxd2 Qg6 30. f4 Bc4 31. Kg1 Bd5 32. g3 Qe4 33. Kf2 c5
34. bxc5 bxc5 35. a5 c4 36. e6 Qxe6 37. Qd4 Qe4 38. Qxa7 c3 39. Qb8+ Kh7 40.
Qc7 Qg2+ 41. Ke3 Qd2# 0-1

[Event "Politiken Cup 2008"]
[Site "Helsingør DEN"]
[Date "2008.07.22"]
[Round "6.129"]
[White "Bernard, Leif"]
[Black "Christiansen, Niels Jørgen"]
[Result "0-1"]
[WhiteElo "1643"]
[BlackElo "1450"]
[PlyCount "72"]
[EventDate "2008.07.20"]
[EventType "swiss"]
[EventRounds "9"]
[EventCountry "DEN"]
[Source "lmi"]
[SourceDate "2008.07.20"]
[WhiteTeam "Enkeltmedlem"]
[BlackTeam "Helsinge"]

1. e4 b6 2. d4 e6 3. Nf3 Bb7 4. Bd3 d6 5. Nc3 Ne7 6. Be3 g6 7. Qd2 h6 8. h4 Bg7
9. Ne2 Nd7 10. c3 a6 11. Qc2 Nf6 12. Nh2 Rc8 13. g4 c5 14. Ng3 cxd4 15. Bxd4
Nc6 16. Qe2 Nxd4 17. cxd4 b5 18. O-O O-O 19. g5 hxg5 20. hxg5 Nh7 21. Nf3 Nxg5
22. Rad1 Nxf3+ 23. Qxf3 Bxd4 24. Qg4 Rc5 25. Kg2 Rg5 26. Qh3 Kg7 27. Rh1 Rh8
28. Qxh8+ Qxh8 29. Rxh8 Kxh8 30. f4 Rc5 31. Rd2 Rc7 32. b3 Bc5 33. Kf3 Bb4 34.
Rc2 Rxc2 35. Bxc2 Kg7 36. Ke3 Kf6 0-1

[Event "Politiken Cup 2008"]
[Site "Helsingør DEN"]
[Date "2008.07.22"]
[Round "6.130"]
[White "Suntharalingam, Jarani"]
[Black "Jensen, Hans Askov"]
[Result "0-1"]
[WhiteElo "1000"]
[BlackElo "1630"]
[PlyCount "80"]
[EventDate "2008.07.20"]
[EventType "swiss"]
[EventRounds "9"]
[EventCountry "DEN"]
[Source "lmi"]
[SourceDate "2008.07.20"]
[WhiteTeam "OSS"]
[BlackTeam "Espergærde"]

1. e4 e5 2. Nf3 Nc6 3. Bb5 a6 4. Ba4 Nf6 5. O-O Be7 6. d3 b5 7. Bb3 d6 8. Nc3
Na5 9. Bd5 c6 10. Bb3 O-O 11. Bg5 Nxb3 12. axb3 Bg4 13. b4 d5 14. Bxf6 Bxf6 15.
h3 Bh5 16. g4 Bg6 17. Re1 h5 18. Nh2 h4 19. Nf3 Qd6 20. exd5 cxd5 21. Ne2 e4
22. dxe4 Bxe4 23. Nd2 Qxb4 24. Nxe4 Qxe4 25. Nc3 Bxc3 26. bxc3 Qc4 27. Qd4 Rfc8
28. Red1 Qxc3 29. Qxc3 Rxc3 30. Rxd5 Rxh3 31. Kg2 Rc3 32. g5 Rac8 33. Rd2 b4
34. Rb1 a5 35. Rd5 R8c5 36. Rd8+ Kh7 37. Rh1 Rxg5+ 38. Kf1 h3 39. Rd6 b3 40.
Rb6 bxc2 0-1

[Event "Politiken Cup 2008"]
[Site "Helsingør DEN"]
[Date "2008.07.22"]
[Round "6.131"]
[White "Clausen, Jørgen"]
[Black "Dam, Vagnur"]
[Result "1/2-1/2"]
[WhiteElo "1630"]
[BlackElo "1396"]
[PlyCount "68"]
[EventDate "2008.07.20"]
[EventType "swiss"]
[EventRounds "9"]
[EventCountry "DEN"]
[Source "lmi"]
[SourceDate "2008.07.20"]
[WhiteTeam "Gråsten"]
[BlackTeam "Rokur"]

1. d4 Nf6 2. c4 e5 3. e3 exd4 4. exd4 d5 5. Bg5 Be7 6. Nc3 c6 7. c5 O-O 8. Nf3
Re8 9. Be2 Bf5 10. O-O b6 11. b4 a5 12. a3 b5 13. Ne5 Ne4 14. Bxe7 Qxe7 15.
Nxe4 Bxe4 16. Bd3 Bxd3 17. Qxd3 f6 18. Nf3 Qe2 19. Qxe2 Rxe2 20. Rfe1 Rxe1+ 21.
Rxe1 Kf7 22. g3 axb4 23. axb4 Ra4 24. Nh4 g6 25. Rb1 Na6 26. Kf1 Rxb4 27. Rxb4
Nxb4 28. f4 Nc2 29. Nf3 Ne3+ 30. Ke2 Nc4 31. Kd3 Ke6 32. g4 h5 33. h3 hxg4 34.
hxg4 Nb2+ 1/2-1/2

[Event "Politiken Cup 2008"]
[Site "Helsingør DEN"]
[Date "2008.07.22"]
[Round "6.132"]
[White "Botheim, Erik"]
[Black "Snahre, Stig Allan"]
[Result "1/2-1/2"]
[WhiteElo "1000"]
[BlackElo "1623"]
[PlyCount "29"]
[EventDate "2008.07.20"]
[EventType "swiss"]
[EventRounds "9"]
[EventCountry "DEN"]
[Source "lmi"]
[SourceDate "2008.07.20"]
[WhiteTeam "1911"]
[BlackTeam "Egernsund"]

1. e4 Nf6 2. d3 e5 3. f4 Nc6 4. Nf3 d6 5. Be2 Be7 6. O-O h6 7. Nc3 Bg4 8. Be3
Qd7 9. Qd2 a6 10. a3 Bxf3 11. Bxf3 exf4 12. Bxf4 Nd4 13. Rae1 Nxf3+ 14. Rxf3
O-O-O 15. e5 1/2-1/2

[Event "Politiken Cup 2008"]
[Site "Helsingør DEN"]
[Date "2008.07.22"]
[Round "6.133"]
[White "Clausen, Hansjørgen"]
[Black "Bräuner, Benjamin"]
[Result "1-0"]
[WhiteElo "1617"]
[BlackElo "1147"]
[PlyCount "63"]
[EventDate "2008.07.20"]
[EventType "swiss"]
[EventRounds "9"]
[EventCountry "DEN"]
[Source "lmi"]
[SourceDate "2008.07.20"]
[WhiteTeam "Gråsten"]
[BlackTeam "BMS"]

1. d4 Nf6 2. Nf3 e6 3. c4 Bb4+ 4. Bd2 Bxd2+ 5. Nbxd2 d5 6. e3 O-O 7. Bd3 Nc6 8.
O-O Re8 9. a3 a5 10. Qc2 h6 11. Rac1 Bd7 12. cxd5 exd5 13. Bb5 Qe7 14. Bxc6
Bxc6 15. Ne5 Ra6 16. Nxc6 Rxc6 17. Qa4 Rxc1 18. Rxc1 Ra8 19. b4 b6 20. Qc6 Ra7
21. bxa5 bxa5 22. a4 Qb4 23. Nf3 Qb2 24. h3 Ne4 25. Rf1 Nf6 26. Qc5 Qb6 27. Qc2
Qb4 28. Rb1 Qf8 29. Rb5 Qe8 30. Ne5 Ra6 31. Qxc7 Qa8 32. Rb8+ 1-0

[Event "Politiken Cup 2008"]
[Site "Helsingør DEN"]
[Date "2008.07.22"]
[Round "6.134"]
[White "Hein, Jacob"]
[Black "Nielsen, Bjørn"]
[Result "1-0"]
[WhiteElo "1603"]
[BlackElo "1091"]
[PlyCount "85"]
[EventDate "2008.07.20"]
[EventType "swiss"]
[EventRounds "9"]
[EventCountry "DEN"]
[Source "lmi"]
[SourceDate "2008.07.20"]
[WhiteTeam "Espergærde"]
[BlackTeam "KS"]

1. e4 e5 2. Nf3 Nc6 3. Nc3 Nf6 4. a3 Be7 5. Bc4 O-O 6. b4 a6 7. Bb2 d6 8. Qb1
Qe8 9. Qa2 Nd8 10. O-O Be6 11. Bxe6 Nxe6 12. d3 g6 13. Rae1 Nh5 14. g3 Ng5 15.
Kg2 Nxf3 16. Kxf3 Qd7 17. Kg2 Qg4 18. f3 Qd7 19. Bc1 Ng7 20. Nd5 Ne6 21. f4
exf4 22. Nxf4 Nxf4+ 23. Rxf4 Bg5 24. Rf2 Bxc1 25. Rxc1 Qe6 26. c4 Kg7 27. Rcf1
Rae8 28. Rf6 Qd7 29. Qf2 Re7 30. Qa7 Qc6 31. Qd4 Kg8 32. c5 Rd7 33. Qe3 b6 34.
Qg5 dxc5 35. Rxc6 cxb4 36. axb4 Rxd3 37. Rxc7 Rd4 38. Qe7 Rd2+ 39. Kh3 Kg7 40.
Rxf7+ Rxf7 41. Qxf7+ Kh6 42. Qf4+ Kh5 43. Qh4# 1-0

[Event "Politiken Cup 2008"]
[Site "Helsingør DEN"]
[Date "2008.07.22"]
[Round "6.135"]
[White "Malou, Shervin-Leon"]
[Black "Angott, Juergen"]
[Result "1-0"]
[WhiteElo "1344"]
[BlackElo "1597"]
[PlyCount "45"]
[EventDate "2008.07.20"]
[EventType "swiss"]
[EventRounds "9"]
[EventCountry "DEN"]
[Source "lmi"]
[SourceDate "2008.07.20"]
[WhiteTeam "Stavanger"]
[BlackTeam "SC Grunbach"]

1. e4 c5 2. c3 e5 3. d3 Nf6 4. f4 Nc6 5. Nf3 Qc7 6. fxe5 Nxe5 7. Nbd2 Be7 8.
Nxe5 Qxe5 9. Nf3 Qc7 10. Bg5 d6 11. Be2 O-O 12. O-O Bd7 13. Nh4 h6 14. Bxf6
Bxf6 15. Rxf6 gxf6 16. Bg4 Kh8 17. Bf5 Rg8 18. Qh5 Rg7 19. Qxh6+ Kg8 20. Qxf6
Bxf5 21. Nxf5 Rg6 22. Ne7+ Kh7 23. Qxf7+ 1-0

[Event "Politiken Cup 2008"]
[Site "Helsingør DEN"]
[Date "2008.07.22"]
[Round "6.136"]
[White "Radovic, Slobodan"]
[Black "Mølvig, Julius"]
[Result "1-0"]
[WhiteElo "1439"]
[BlackElo "1203"]
[PlyCount "100"]
[EventDate "2008.07.20"]
[EventType "swiss"]
[EventRounds "9"]
[EventCountry "DEN"]
[Source "lmi"]
[SourceDate "2008.07.20"]
[WhiteTeam "Holbæk"]
[BlackTeam "Skovbo"]

1. e4 c6 2. Nc3 d5 3. e5 Bf5 4. d4 e6 5. Bd3 Bxd3 6. Qxd3 Bb4 7. a3 Ba5 8. b4
Bc7 9. Nf3 Ne7 10. Bg5 h6 11. Bxe7 Qxe7 12. O-O O-O 13. Nd2 Nd7 14. f4 f5 15.
Ne2 b6 16. c3 c5 17. Rac1 c4 18. Qh3 Bd8 19. Nf3 a5 20. Ra1 axb4 21. axb4 Rxa1
22. Rxa1 b5 23. g3 Qe8 24. Qf1 Nb6 25. Nd2 Na4 26. Nb1 Qh5 27. Ra2 Qg6 28. Na3
Qe8 29. Nc2 Bc7 30. Ne3 Qd7 31. h3 g5 32. Nd1 h5 33. fxg5 Qh7 34. Nf4 Re8 35.
Qf3 h4 36. g6 Qh6 37. Qh5 Qxh5 38. Nxh5 hxg3 39. Nf6+ Kf8 40. g7+ Kxg7 41.
Nxe8+ Kf8 42. Nxc7 f4 43. Kg2 Ke7 44. Nxb5 Nb6 45. Ra7+ Kd8 46. Nd6 Na4 47.
Nf7+ Kc8 48. Rxa4 Kd7 49. Ra6 Ke7 50. Ra7+ Ke8 1-0

[Event "Politiken Cup 2008"]
[Site "Helsingør DEN"]
[Date "2008.07.22"]
[Round "6.137"]
[White "Meldal, Peter"]
[Black "Kristensen, Steffen Michael"]
[Result "0-1"]
[WhiteElo "1373"]
[BlackElo "1238"]
[PlyCount "48"]
[EventDate "2008.07.20"]
[EventType "swiss"]
[EventRounds "9"]
[EventCountry "DEN"]
[Source "lmi"]
[SourceDate "2008.07.20"]
[WhiteTeam "Taastrup"]
[BlackTeam "Odysseus"]

1. e4 e5 2. Nf3 Nc6 3. Bc4 Nd4 4. Nxe5 Qg5 5. Bxf7+ Ke7 6. g3 Qxe5 7. Bd5 c6 8.
Nc3 cxd5 9. Nxd5+ Kd8 10. d3 Nf6 11. Bf4 Qe6 12. Nc7 Qc6 13. c3 Bb4 14. Nxa8
Nxe4 15. Bc7+ Ke8 16. Qh5+ Kf8 17. cxb4 Nc2+ 18. Ke2 Nd4+ 19. Kf1 Nd2+ 20. Kg1
N4f3+ 21. Kg2 Ne1+ 22. Kh3 d6+ 23. g4 Qg2+ 24. Kh4 Nef3# 0-1

[Event "Politiken Cup 2008"]
[Site "Helsingør DEN"]
[Date "2008.07.22"]
[Round "6.138"]
[White "Arup, Niels"]
[Black "Lindgaard, Jørn"]
[Result "1/2-1/2"]
[WhiteElo "1220"]
[BlackElo "1337"]
[PlyCount "46"]
[EventDate "2008.07.20"]
[EventType "swiss"]
[EventRounds "9"]
[EventCountry "DEN"]
[Source "lmi"]
[SourceDate "2008.07.20"]
[WhiteTeam "BMS"]
[BlackTeam "Taastrup"]

1. d4 Nf6 2. c4 g6 3. Nc3 Bg7 4. e4 d6 5. Nf3 O-O 6. Be2 b6 7. O-O Bb7 8. Qc2
e5 9. d5 c6 10. b3 cxd5 11. cxd5 Nbd7 12. Ba3 Qe7 13. Nd2 a5 14. Nc4 Ne8 15.
Rac1 Rc8 16. Bg4 Ba6 17. Be2 Bxc4 18. Bxc4 Nc5 19. Bb5 Nxe4 20. Qxe4 f5 21. Qe2
e4 22. Nb1 Nf6 23. Rxc8 Rxc8 1/2-1/2